Statistics for Praha - Tramvajové Zastávky s Mapou

Click here to take the quiz!

General Stats

  • This quiz has been taken 151 times
  • The average score is 115 of 289

Answers on the Map

Answers color-coded by a green-red scale on the quiz's map according to % correct below.
 

Answer Stats

Tramvajová zastávkaTramvajové linky% Correct
Anděl4, 5, 7, 9, 10, 12, 15, 16, 20, 21
90%
Karlovo náměstí2, 3, 4, 6, 10, 14, 16, 18, 22, 23, 24
82%
Nádraží Holešovice6, 12, 17
82%
Hlavní nádraží5, 9, 15, 26
81%
Hradčanská1, 2, 8, 18, 20, 25, 26
81%
I. P. Pavlova4, 6, 10, 11, 13, 16, 22, 23
81%
Václavské náměstí3, 5, 6, 9, 14, 24
79%
Národní divadlo2, 9, 17, 18, 22, 23
77%
Strossmayerovo náměstí1, 6, 8, 12, 17, 25, 26
76%
Malostranská2, 12, 15, 18, 20, 22, 23
74%
Náměstí Míru4, 10, 13, 16, 22
74%
Národní třída2, 9, 18, 22, 23
74%
Palmovka1, 3, 6, 8, 10, 14, 19, 24, 25
74%
Sparta1, 8, 12, 25, 26
74%
Dejvická20, 26
73%
Florenc3, 8, 24
73%
Smíchovské nádraží4, 5, 12, 20
73%
Palackého náměstí2, 3, 4, 7, 10, 16, 17, 21
71%
Vltavská1, 12, 14, 25
71%
Masarykovo nádraží3, 6, 14, 15, 24, 26
68%
Muzeum11, 13
68%
Staroměstská2, 17, 18
68%
Újezd9, 12, 15, 20, 22, 23
68%
Divoká Šárka20, 26
66%
Lazarská3, 5, 6, 9, 14, 24
66%
Náměstí Republiky6, 8, 15, 26
66%
Radlická7, 21
66%
Strašnická7, 19, 26
66%
Výtoň2, 3, 7, 17, 21
66%
Pražský hrad22, 23
65%
Štěpánská4, 6, 10, 16, 22, 23
65%
Želivského10, 11, 16, 19, 26
65%
Jindřišská3, 5, 6, 9, 14, 24
63%
Kobylisy3, 10, 17, 24
63%
Motol9, 10, 16
63%
Náměstí Bratří Synků11, 14, 18, 19, 24
63%
Sídliště Řepy9, 10, 16
63%
Vodičkova3, 5, 6, 9, 14, 24
63%
Výstaviště6, 12, 17
63%
Flora10, 11, 13, 15, 16
61%
Invalidovna3, 8, 24
61%
Křižíkova3, 8, 24
61%
Olšanské hřbitovy10, 11, 13, 15, 16
61%
Petřiny1, 2
61%
Jiřího z Poděbrad11, 13
60%
Novoměstská radnice2, 3, 6, 14, 18, 22, 23, 24
60%
Právnická fakulta17
60%
Arbesovo náměstí9, 12, 15, 20
58%
Bílá labuť3, 8, 14, 24
58%
Malostranské náměstí12, 15, 20, 22, 23
58%
Pankrác19
58%
Podolská vodárna2, 3, 17, 21
58%
Spojovací1, 9, 11
58%
Vysočanská6, 19
58%
Botanická zahrada14, 18, 24
56%
Kolbenova19
56%
Moráň2, 3, 4, 10, 14, 16, 18, 24
56%
Ruská4, 13, 22
56%
Vítězné náměstí8, 18, 20, 26
56%
Bílá Hora22, 25
55%
Na Knížecí4, 5, 12, 20
55%
Sídliště Barrandov4, 5, 12, 20
55%
Koh-i-noor4, 6, 7, 19, 22
53%
Letenské náměstí1, 8, 12, 25, 26
53%
Libuš17
53%
Nádraží Podbaba8, 18
53%
Nádraží Veleslavín20, 26
53%
Vypich22, 25
53%
Zahradní Město22, 26
53%
Dělnická1, 6, 12, 14, 25
52%
Krymská4, 13, 22
52%
Libeňský most1, 6, 14, 25
52%
Švandovo divadlo9, 12, 15, 20
52%
Bohemians6, 7, 19
50%
Bořislavka20, 26
50%
Čechovo náměstí4, 13, 22
50%
Dlouhá třída6, 8, 15, 26
50%
Lihovar4, 5, 12, 20
50%
Nádraží Braník2, 3, 17, 21
50%
Nádraží Vršovice6, 7, 19
50%
Nuselské schody6, 11
50%
Zborovská4, 5, 7, 10, 16, 21
50%
Albertov7, 14, 18, 24
48%
Chotkovy sady2, 12, 18, 20
48%
Dědina20, 26
48%
Karlovy lázně2, 17, 18
48%
Kubánské náměstí4, 6, 7, 19, 22
48%
Nádraží Hostivař22, 26
48%
Pražského povstání18, 19
48%
Sídliště Modřany3, 17, 21
48%
Vozovna Kobylisy17, 24
48%
Bertramka9, 10, 15, 16
47%
Bruselská6, 11, 23
47%
Čechův most15, 17
47%
Depo Hostivař7, 16
47%
Hellichova12, 15, 20, 22, 23
47%
Hloubětín19, 25
47%
Italská11, 13
47%
Ládví10
47%
Viktoria Žižkov5, 9, 15, 26
47%
Vozovna Pankrác18
47%
Holyně4, 5
45%
Krematorium Motol9, 10, 16
45%
Lehovec19, 25
45%
Malovanka22, 23, 25
45%
Myslíkova5
45%
Pohořelec22, 23
45%
Poliklinika Barrandov4, 5, 12, 20
45%
Sídliště Petřiny1, 2
45%
Štvanice14
45%
Trojská17
45%
Vozovna Střešovice1, 2, 25
45%
Divadlo Na Fidlovačce7, 14, 18, 24
44%
Jiráskovo náměstí5, 17
44%
Královský letohrádek22, 23
44%
Nádraží Libeň8, 25
44%
Sídliště Ďáblice10
44%
Slivenec4, 5
44%
Spořilov11, 14
44%
Balabenka6, 8, 19, 25
42%
Hlubočepy4, 5, 12, 20
42%
Holešovická tržnice1, 12, 14, 25
42%
Klamovka9, 10, 15, 16
42%
Korunovační1, 8, 12, 25, 26
42%
Krejcárek1, 10, 19
42%
Nábřeží Kapitána Jaroše6, 8, 17, 26
42%
Nákladové nádraží Žižkov5, 9, 10, 11, 19, 26
42%
Ortenovo náměstí6, 12
42%
U Zvonu9, 10, 15, 16
42%
Vinohradská vodárna10, 16
42%
Vozovna Motol9, 10, 16
42%
Vozovna Vokovice20, 26
42%
Bulovka3, 10, 24
40%
Divadlo Gong6, 19
40%
Geologická4, 5, 12, 20
40%
Kamenická1, 8, 12, 25, 26
40%
Maniny1, 6, 14, 25
40%
Olšanská5, 9, 26
40%
Vozovna Žižkov1, 5, 9, 11
40%
Břevnovský klášter22, 25
39%
Jana Masaryka4, 13, 22
39%
Kotlářka9, 10, 15, 16
39%
Mezi Hřbitovy10, 11, 19, 26
39%
Otakarova6, 7, 19, 24
39%
Plzeňka4, 5, 12, 20
39%
Ústřední dílny DP16
39%
Brusnice22, 23
37%
Červený Vrch20, 26
37%
Hotel Golf9, 10, 16
37%
Lotyšská8, 18
37%
Olšanské náměstí5, 9, 15, 26
37%
Starý Hloubětín8, 19, 25
37%
Urxova3, 8, 24
37%
Vozovna Strašnice7, 19, 26
37%
Vršovické náměstí4, 13, 22
37%
Zelená8, 18
37%
Chaplinovo náměstí4, 5, 12, 20
35%
Kavalírka9, 10, 15, 16
35%
Ohrada1, 5, 9, 11
35%
Prašný most1, 2, 25
35%
Slavia - Nádraží Eden4, 6, 7, 19, 22
35%
Těšnov14
35%
Vinohradská tržnice11, 13
35%
Divadlo pod Palmovkou3, 10, 24
34%
Dvorce2, 3, 17, 21
34%
Levského3, 17, 21
34%
Limuzská7, 16
34%
Ostrčilovo náměstí7, 14, 18, 24
34%
Thákurova20, 26
34%
Veletržní palác6, 17
34%
Baterie1, 2
32%
Karlínské náměstí3, 8, 24
32%
Nádraží Zahradní Město22, 26
32%
Nuselská radnice18, 19
32%
Obora Hvězda22, 25
32%
Orionka10, 16
32%
Průběžná7, 19, 22
32%
Slánská9, 10, 16
32%
Šumavská10, 16
32%
Tusarova1, 12, 14, 25
32%
Vojenská nemocnice1, 2
32%
Vozovna Hloubětín19
32%
Biskupcova5, 9, 10, 11, 19
31%
Krematorium Strašnice16, 19, 26
31%
Nádraží Modřany3, 17, 21
31%
Poliklinika Modřany3, 17, 21
31%
Svatoplukova7, 14, 18, 24
31%
Teplárna Michle11, 14
31%
Královka23
29%
Kublov2, 3, 17, 21
29%
Lipanská5, 9, 15, 26
29%
Marjánka22, 25
29%
Na Hroudě22, 26
29%
Špejchar
29%
Černý kůň3, 17, 21
27%
Hostivařská22, 26
27%
Michelská11, 14
27%
Nádraží Vysočany6, 19
27%
Nad Trojou17
27%
Ořechovka1, 2
27%
Pod Karlovem6, 11
27%
Přístaviště2, 3, 17, 21
27%
Sídliště Červený Vrch20, 26
27%
Sídliště Na Dědině20, 26
27%
Škola Radlice7, 21
27%
Vinice7, 16, 19, 26
27%
Na Groši22, 26
26%
Náměstí Olgy Scheinpflugové4, 5
26%
Nový Hloubětín19
26%
Palouček18, 19
26%
Perunova10, 16
26%
Pod Jezerkou11, 14
26%
Staré Strašnice22, 26
26%
Zvonařka23
26%
Blatiny9, 10, 16
24%
Křížová7, 21
24%
Modřanská rokle3, 17, 21
24%
Obchodní centrum Hostivař22, 26
24%
Ocelářská8, 25
24%
Plynárna Michle11, 14
24%
Radošovická22, 26
24%
Sídliště Zahradní Město22, 26
24%
Solidarita7, 16
24%
Vinohradské hřbitovy16, 19, 26
24%
Vychovatelna3, 10, 24
24%
Zlíchov4, 5, 12, 20
24%
Belárie3, 17, 21
23%
Březiněveská3, 17, 24
23%
Drinopol22, 25
23%
Hládkov23
23%
Kotorská18, 19
23%
Malý Břevnov22, 25
23%
Modřanská škola3, 17, 21
23%
Park Maxe van der Stoela25
23%
Pobřežní cesta2, 3, 17, 21
23%
Radhošťská11, 13
23%
Sídliště Libuš17
23%
U Elektry8, 25
23%
U Kaštanu22, 25
23%
U Průhonu6, 12
23%
Arena Libeň jih8, 25
21%
Ciolkovského20, 26
21%
Hadovka20, 26
21%
Horky11, 14
21%
K Barrandovu4, 5, 12, 20
21%
Ke Stírce3, 10, 17, 24
21%
Laurová7, 21
21%
Libeňský zámek3, 10, 24
21%
Nad Džbánem20, 26
21%
Poštovka9, 10, 16
21%
Sibeliova1, 2
21%
Chmelnice1, 9, 11
19%
Dlabačov
19%
Kněžská luka1, 9, 11
19%
Na Pískách20, 26
19%
Nové Strašnice7, 16
19%
Planetárium Praha
19%
Poliklinika Vysočany6, 19
19%
Větrník1, 2
19%
Vlastina20, 26
19%
Vosmíkových3, 10, 24
19%
Čechova čtvrť3, 17, 21
18%
Chodovská11, 14
18%
Dubečská22, 26
18%
Hlušičkova9, 10, 16
18%
Líbeznická17, 24
18%
Poštovská19
18%
Říčanova22, 25
18%
Sídliště Hloubětín19, 25
18%
Hercovka17
16%
Okrouhlická3, 10, 24
16%
Strážní1, 9, 11
16%
Braunova7, 21
15%
Malešická továrna16
15%
Na Homoli16
15%
Na Veselí18
15%
U Kříže3, 10, 24
15%
U Libušského potoka3, 17, 21
15%
Observatoř Libuš17
13%
Podkovářská8, 25
13%
Zborov - Strašnické divadlo7, 16
13%
Hasičská stanice Modřany17
11%
Kabešova8, 25
11%
Nademlejnská8, 25
11%
Špitálská19
11%
Střelničná10
11%
Kyselova10
10%
Štěpničná10
10%
Třebenická10
10%

Score Distribution

Percentile by Number Answered

Percent of People with Each Score

Your Score History

You have not taken this quiz